I / Me / Myself - Will Wood Lyrics - Statistics

General Stats
  • This quiz has been taken 24 times
    20 since last reset
  • The average score is 369 of 534
Answer Stats
Lyrics % Correct
a
100%
be
100%
I
100%
I / Me / Myself
100%
me
100%
my
100%
boyfriend
91%
could
91%
girl
91%
girlfriend,
91%
myself
91%
wish
91%
wish...
91%
you
91%
you-?)
91%
your
91%
But
82%
but
82%
in
82%
I've
82%
love
82%
Oh-
82%
oh
82%
oh-
82%
Oh,
82%
that
82%
the
82%
The
82%
then
82%
to
82%
to?
82%
way,
82%
who
82%
ah-
73%
Ah,
73%
ah!
73%
am
73%
Am
73%
and
73%
And
73%
back
73%
back?
73%
been
73%
big,
73%
big
73%
enough
73%
enough?
73%
it
73%
it?
73%
lie
73%
little
73%
man!
73%
No,
73%
no,
73%
not
73%
old
73%
pretty
73%
so
73%
think
73%
world,
73%
world
73%
yet!
73%
die?
64%
feeling
64%
go
64%
I'd
64%
if
64%
lightheaded
64%
lost
64%
of
64%
since
64%
skin
64%
with
64%
would
64%
you'd
64%
anesthetic
55%
being
55%
born
55%
brings
55%
differences
55%
existence!
55%
fill
55%
Flower
55%
got
55%
ground
55%
Just
55%
Let
55%
like
55%
now?
55%
now,
55%
on
55%
petals
55%
physics,
55%
privilege
55%
prosthetic
55%
side
55%
taxidermy
55%
thinking
55%
were
55%
(We're
55%
witness
55%
body
45%
bones
45%
confused
45%
cross
45%
day
45%
died
45%
fingerprints,
45%
fit
45%
fits,
45%
fucking
45%
I'm
45%
know
45%
lighthearted
45%
line
45%
meat/meet
45%
must
45%
prefer
45%
quantum
45%
really,
45%
shoe
45%
should
45%
show
45%
tether
45%
they
45%
this
45%
too
45%
void
45%
weight
45%
what
45%
when
45%
you're
45%
you've
45%
alike!)
36%
all
36%
(All
36%
All
36%
at
36%
before,
36%
c-c-c-c-cover
36%
choose
36%
dressed
36%
feminine
36%
find
36%
for
36%
For
36%
formaldehyde
36%
gained
36%
get
36%
into
36%
It's
36%
our
36%
out
36%
pathetic,
36%
reason
36%
shadows
36%
some
36%
stuck
36%
Take
36%
taxonomize
36%
tea
36%
time
36%
try
36%
up
36%
use
36%
won't
36%
You'll
36%
are
27%
between
27%
brittle,
27%
called
27%
contention
27%
criteria,
27%
early,
27%
feathers
27%
first,
27%
give
27%
heard
27%
how
27%
isn't
27%
leg
27%
name
27%
one
27%
point
27%
Say
27%
slur,
27%
there's
27%
until
27%
walking
27%
well,
27%
While
27%
whittle
27%
whole
27%
worse
27%
wrong
27%
become
18%
chance
18%
Don't
18%
Eating
18%
equally
18%
invalid
18%
live
18%
(Pound
18%
pound)
18%
seeing
18%
without
18%
acetic
9%
identities
9%
No matching quizzes found
Score Distribution
Percent of People with Each Score
Percentile by Number Answered
Your Score History
You have not taken this quiz since the last reset